Nomina i paesi più belli del mondo - Statistics

Statistiche generali
  • Questo quiz è stato fatto 70 volte
  • Il punteggio medio è 3 su 10
Statistiche sulle risposte
Hint Risposta % Corretto
I Indonesia
63%
I Islanda
54%
M Maldive
44%
C Canada
35%
G Grecia
31%
P Perù
31%
T Thailandia
27%
C Croazia
8%
M Malta
8%
S Sri Lanka
6%
Nessun quiz corrispondente trovato
Distribuzione punteggi
Percentuale di utenti per punteggio
Percentile per numero di risposta
I tuoi punteggi nel tempo
Non hai fatto questo quiz